The Penguin atlas of world history / (Record no. 3202)
[ view plain ]
| 000 -LEADER | |
|---|---|
| fixed length control field | 00817cem a2200217 4500 |
| 003 - CONTROL NUMBER IDENTIFIER | |
| control field | OSt |
| 005 - DATE AND TIME OF LATEST TRANSACTION | |
| control field | 20210901085358.0 |
| 008 - FIXED-LENGTH DATA ELEMENTS--GENERAL INFORMATION | |
| fixed length control field | 760128m19741978enk e eng |
| 020 ## - INTERNATIONAL STANDARD BOOK NUMBER | |
| International Standard Book Number | 0140510540 (v. 1) : |
| 040 ## - CATALOGING SOURCE | |
| Transcribing agency | DLC |
| 050 00 - LIBRARY OF CONGRESS CALL NUMBER | |
| Classification number | G1030 |
| Item number | .K5 M4 1974 |
| 100 1# - MAIN ENTRY--PERSONAL NAME | |
| Personal name | Kinder, Hermann, |
| Dates associated with a name | 1920-1968. |
| 245 14 - TITLE STATEMENT | |
| Title | The Penguin atlas of world history / |
| Statement of responsibility, etc. | Hermann Kinder and Werner Hilgemann ; translated by Ernest A. Menze ; with maps designed by Harald and Ruth Bukor. |
| 260 ## - PUBLICATION, DISTRIBUTION, ETC. | |
| Place of publication, distribution, etc. | Harmondsworth, Eng. : |
| Name of publisher, distributor, etc. | Penguin Books, |
| Date of publication, distribution, etc. | 1974-1978. |
| 300 ## - PHYSICAL DESCRIPTION | |
| Extent | 2 v. : |
| Other physical details | col. ill., col. maps ; |
| Dimensions | 18 cm. |
| 500 ## - GENERAL NOTE | |
| General note | Translation of DTV-Atlas zur Weltgeschichte. |
| 650 #0 - SUBJECT ADDED ENTRY--TOPICAL TERM | |
| Topical term or geographic name entry element | Historical geography |
| General subdivision | Maps. |
| 700 1# - ADDED ENTRY--PERSONAL NAME | |
| Personal name | Hilgemann, Werner, |
| Relator term | joint author. |
| 906 ## - LOCAL DATA ELEMENT F, LDF (RLIN) | |
| a | 7 |
| b | cbc |
| c | orignew |
| d | 2 |
| e | ncip |
| f | 19 |
| g | y-geogmaps |
| 942 ## - ADDED ENTRY ELEMENTS (KOHA) | |
| Source of classification or shelving scheme | |
| Koha item type | Book |
| Suppress in OPAC | SO |
| Withdrawn status | Lost status | Source of classification or shelving scheme | Damaged status | Not for loan | Permanent Location | Current Location | Shelving location | Date acquired | Source of acquisition | Total Checkouts | Full call number | Barcode | Date last seen | Price effective from | Koha item type | Public note |
|---|---|---|---|---|---|---|---|---|---|---|---|---|---|---|---|---|
| AU LIBRARY | AU LIBRARY | Reference | 01.09.2021 | DONATION FROM MOI UNIVERSITY | REF G103 .K5 1974 | 28002392 | 01.09.2021 | 01.09.2021 | References | SO |